000 01181cam a2200361 a 4500
001 12594460
003 OSt
005 20140310182307.0
008 011120s2002 nyua c 000 1 eng
010 _a 2001058762
020 _a0439395658
020 _a0439395666 (pbk.)
040 _aDLC
_cDLC
_dDLC
042 _alcac
050 0 0 _aPZ 7
_b.M47841637 2002
082 0 0 _aFic
_bM45l 2002
100 1 _aMcCutchen, Heather.
_96738
245 1 0 _aLightland /
_cH. L. McCutchen.
250 _a1st ed.
260 _aNew York :
_bOrchard Books,
_cc2002.
300 _a230 p. :
_bill. ;
_c22 cm.
650 1 _aMagic
_vFiction.
_920733
650 1 _aMemory
_vFiction.
_920734
650 1 _aBest friends
_vFiction.
_920735
650 1 _aFriendship
_vFiction.
_920736
650 1 _aSelective mutism
_vFiction.
_920737
650 1 _aFantasy.
_93293
856 4 2 _3Publisher description
_uhttp://www.loc.gov/catdir/description/schol051/2001058762.html
906 _a7
_bcbc
_corignew
_d1
_eocip
_f20
_gy-gencatlg
942 _2lcc
_cBK-FIC
999 _c11617
_d11617